| 000 | 00821nam a22002531i 4500 | ||
|---|---|---|---|
| 005 | 20201129113414.0 | ||
| 008 | 201129n ii a|||j ||| 000 1 eng d | ||
| 020 |
_a9788180069819 _qpaperback |
||
| 040 |
_aPPAK _beng _cPPAK _erda |
||
| 082 | 0 | 4 |
_223 _a428.6 |
| 090 | 0 | 0 |
_a428.6 _bHAR _dK |
| 245 | 0 | 4 |
_aTHE HARE AND THE TORTOISE / _cIllustrate by: SANTOSH S. PEDNEKAR |
| 264 | 1 |
_aMumbai, India : _bALKA PUBLICATIONS , _c[2000?] |
|
| 300 |
_a1 volume (unpaged) : _bcolour illustration ; _c21 cm. |
||
| 336 |
_2rdacontent _atext |
||
| 337 |
_2rdamedia _aunmediated |
||
| 338 |
_2rdacarrier _avolume |
||
| 490 | 1 | _aMORAL STORIES | |
| 650 | 1 | 0 |
_aEnglish language _xReaders _xJuvenile fiction. |
| 650 | 2 | 0 |
_aAnimals _xFiction. |
| 700 | 1 |
_aPednekar, Santosh S., _eillustrator. |
|
| 830 | 0 | _aMoral stories. | |
| 942 |
_2ddc _cB |
||
| 999 |
_c180231 _d180231 |
||